| 000 | 00521nam a2200205Ia 4500 | ||
|---|---|---|---|
| 003 | OSt | ||
| 005 | 20230606110124.0 | ||
| 008 | 210423s2007 xx 000 0 und d | ||
| 040 | _cAL | ||
| 041 | _aeng | ||
| 082 |
_a150 _223 _bFELU |
||
| 100 |
_aFELDMAN (Robert S) _9120060 |
||
| 245 | _aUnderstanding psychology | ||
| 260 |
_aNew Delhi _bTata McGrawhill _c2007 |
||
| 365 |
_b408 _cINR |
||
| 650 |
_aPhilosophy _9120061 |
||
| 650 |
_aPsychology _9120062 |
||
| 906 | _apsychology. ; Understanding | ||
| 942 |
_2ddc _cBK |
||
| 999 |
_c175778 _d175778 |
||